[Event "EIRCC 2019"]
[Site "Tallinn"]
[Date "2019.12.05"]
[Round "3.3"]
[White "Mamedov, Rauf"]
[Black "Smirnov, Artem"]
[Result "0-1"]
[WhiteElo "2679"]
[BlackElo "2337"]
[Annotator "TA"]
[PlyCount "106"]
[EventDate "2019.12.05"]
[EventType "swiss"]
[EventCountry "EST"]
[SourceTitle "playchess.com"]
[Source "ChessBase"]
[SourceQuality "1"]

{[%evp 16,190,31,24,40,9,19,0,9,-10,42,-53,-58,-61,-69,-81,-85,-86,-77,-80,-86,-69,-13,-23,-18,-14,0,-16,-10,-11,6,0,0,0,0,0,0,0,12,-210,-210,-210,-210,-210,-210,-210,-210,-196,-202,-229,-225,-197,-214,-221,-197,-194,-182,-235,-237,-239,-226,-272,-270,-269,-264,-301,-295,-297,-292,-289,-295,-380,-389,-385,-375,-475,-481,-476,-453,-615,-603,-527,-475,-589,-583,-547,-580,-564,-567,-612,-616,-624,-608,-994,-954,-978,-1304,-1631,-1476,-1466,-1500,-2202,-2081,-29974,-29973,-29973,-29974,-29975,-29976,-29974,-29954,-29970,-29969,-29970,-29965,-29963,-29965,-29970,-29971,-29971,-29970,-29970,-29972,-29972,-29972,-29971,-29971,-29970,-29965,-10937,0,-29968,-29969,-29967,-29949,-29973,-29974,-29973,-29972,-29972,-29962,-5589,-2416,-29972,-29972,-29973,-29974,-29974,-29973,-29975,-29975,-29978,-29979,-29979,-29980,-29982,-29983,-29982,-29983,-29984,-29985,-29985,-29986,-29986,-29987,-29987,-29982,-29981,-29981,-29981,-29982,-29982,-29983,-29983,-29984,-29984,-29985]} 1. e4 c5 2. c3 Nf6 3. e5 Nd5 4. Nf3 Nc6 5. Bc4 Nb6 6. Bb3 c4 7. Bc2 d6 8. exd6 Qxd6 9. O-O g6 {B22: Sicilian: 2 c3} (9... Bg4 10. Re1 e6 11. b3 Be7 12. Na3 cxb3 13. axb3 Qd7 14. Nc4 Nxc4 15. bxc4 O-O 16. d4 Rfd8 17. Be4 {½-½ (49) Zhigalko,S (2604)-Carlsen,M (2835) St Petersburg 2018}) 10. a4 Bg7 11. Na3 a6 {The position is equal.} 12. Qe2 $146 ({Predecessor:} 12. d4 cxd3 13. Bxd3 {1-0 (71) Brandenburg,D (2463)-Van Assendelft,F (2332) Dieren 2009}) 12... Bg4 (12... Be6 $11) 13. Be4 ({White should try} 13. Nxc4 $14 Nxc4 14. Qxc4 Bxf3 15. gxf3) 13... Na5 $1 $15 14. h3 Bd7 15. d4 cxd3 $1 (15... Bxa4 $6 16. Nxc4 Naxc4 17. Rxa4 $1 $11 {[%mdl 512]}) 16. Bxd3 Nb3 ({Much worse is} 16... Bxa4 17. Bg5 $11) 17. a5 Nd5 18. Nc4 Qc7 (18... Qc5 $15 19. Rb1 Nxc1 20. Rbxc1 Nf4) 19. Bg5 $1 $11 {And now Nb6! would win.} O-O 20. Rad1 Bc6 21. Be4 e6 22. Bxd5 exd5 23. Nb6 {[%mdl 64] Double Attack} Rae8 24. Qc2 Nxa5 25. Nxd5 Bxd5 26. Rxd5 Nc6 {White must now prevent ...Nb4!} 27. Rfd1 $2 {[#]} (27. Qd2 $11 {and White is okay.}) 27... Nb4 $1 $19 {[%cal Rb4c2][%mdl 576] Double Attack, Pin} 28. Qb3 (28. cxb4 Qxc2) 28... Nxd5 29. Rxd5 h6 30. Be3 {intending Bc5.} Rc8 {[%cal Be8c8,Bc8c4,Bc4c6][%mdl 32]} 31. Bb6 Qc6 32. Nd4 Qc4 33. Qxc4 Rxc4 34. Nb3 Rc6 35. Be3 b5 36. Bc5 (36. g4 $142) 36... Re8 37. Kf1 Bf8 38. Bd4 Rd6 39. Rxd6 Bxd6 {[%mdl 4096] Endgame KRB-KBN} 40. Na5 f5 41. Nb7 Bf8 42. Na5 Kf7 43. g3 Ke6 44. Ke2 Kd5+ 45. Kf3 Bd6 46. Be3 g5 47. b3 Bc7 48. c4+ Ke6 49. Nc6 bxc4 50. bxc4 a5 51. Nd4+ Kf6 52. Nb5 Be5 53. Ke2 Bxg3 {Played: f5-f4} 0-1

[Event "EIRCC 2019"]
[Site "Tallinn"]
[Date "2019.12.05"]
[Round "3.4"]
[White "Luukkonen, Tommi"]
[Black "Turov, Maxim"]
[Result "1-0"]
[WhiteElo "2332"]
[BlackElo "2647"]
[Annotator "TA"]
[PlyCount "103"]
[EventDate "2019.12.05"]
[EventType "swiss"]
[EventCountry "EST"]
[SourceTitle "playchess.com"]
[Source "ChessBase"]
[SourceQuality "1"]

{[%evp 14,103,27,13,24,27,11,10,49,25,25,15,22,-12,15,0,0,0,28,28,60,43,38,24,36,31,36,40,47,21,22,-98,-89,-176,-148,-132,-74,-74,39,39,171,141,170,0,0,-147,-147,-141,-125,-123,-116,-151,-149,-106,-142,-119,-131,-233,-243,-209,0,0,443,483,472,410,468,443,449,453,408,451,437,488,577,575,730,705,695,631,29962,29964,29961,29953,29988,0,29989,29990,29990,29991,29991,1347]} 1. e4 c6 2. Nc3 d5 3. Nf3 Bg4 4. h3 Bxf3 5. Qxf3 Nf6 6. d3 e6 7. Bd2 Nbd7 8. g4 Bb4 {B11: Caro-Kann: Two Knights Variation} (8... h6 9. h4 Qb6 10. O-O-O Ne5 11. Qe2 d4 12. Nb1 c5 13. f4 Nc6 14. Bh3 Nd7 15. g5 c4 16. g6 O-O-O 17. gxf7 {1-0 (47) Lu,S (2614)-Andreikin,D (2743) Moscow 2016}) 9. a3 Ba5 10. g5 Ng8 {The position is equal.} 11. h4 d4 12. Nb1 Ne7 13. h5 $146 ({Predecessor:} 13. Bh3 c5 14. Qg3 Rc8 15. O-O h6 16. g6 Nxg6 17. Bxa5 Qxa5 18. Bxe6 {0-1 (40) Bezler,R (2269)-Volke,K (2467) Austria 2002}) 13... c5 14. Bh3 Qb6 15. b3 Bxd2+ 16. Nxd2 Qa5 17. Ke2 Qc7 18. Rhg1 Ne5 19. Qg3 O-O-O 20. f4 N5c6 21. Nc4 Kb8 22. b4 (22. Raf1 $11 {remains equal.}) 22... cxb4 $17 23. Rgb1 (23. axb4 $17 Nxb4 24. Rgb1) 23... b5 24. Nd2 a5 (24... h6 $142 $1 25. gxh6 Rxh6) 25. Nb3 Qb6 ({Black should play} 25... bxa3 $17 26. Rxa3 Rhe8) 26. axb4 $14 axb4 ({Better is} 26... a4 $14 27. Nc5 Ka8) 27. f5+ e5 28. Na5 $2 (28. Rb2 $18) 28... Qc5 $11 {...Nxa5 is the strong threat.} 29. Kd1 (29. Nb3 $1 $11 Qxc2+ 30. Nd2) 29... Nxa5 $17 30. Rxa5 {Hoping for Rxb4!} Nc6 $36 {[%mdl 2048] White is under strong pressure.} 31. Ra2 Kb7 32. Rba1 b3 33. cxb3 Qc3 34. Ke2 Qxb3 35. h6 (35. f6 $17 gxf6 36. Qe1) 35... gxh6 $19 36. g6 {[#]} hxg6 $2 (36... fxg6 $1 $19 37. fxg6 Rhg8) 37. fxg6 $11 {White wants to play g7.} fxg6 $2 {[%mdl 8192]} (37... Rhg8 $11 38. g7 Kb6) 38. Qxg6 $18 Ra8 39. Rxa8 {R8a7+! would kill now.} Rxa8 {[#]} 40. Qg7+ $1 Kb6 41. Rxa8 Qc2+ 42. Ke1 Qxd3 43. Qxh6 Qg3+ 44. Ke2 d3+ 45. Kd2 Qf2+ 46. Kxd3 Kb7 {White must now prevent ...Nb4+.} 47. Bc8+ Kc7 48. Qg7+ Kb6 49. Ra6+ Kc5 {[#] Threatens to win with ...Nb4+.} 50. Rxc6+ $1 {White mates.} Kxc6 51. Qb7+ Kd6 52. Qd7+ {Accuracy: White = 47%, Black = 46%.} 1-0

[Event "EIRCC 2019"]
[Site "Tallinn"]
[Date "2019.12.05"]
[Round "3.5"]
[White "Ziska, Helgi Dam"]
[Black "Picard, Romain"]
[Result "1-0"]
[WhiteElo "2646"]
[BlackElo "2329"]
[Annotator "TA"]
[PlyCount "37"]
[EventDate "2019.12.05"]
[EventType "swiss"]
[EventCountry "EST"]
[SourceTitle "playchess.com"]
[Source "ChessBase"]
[SourceQuality "1"]

{[%evp 10,57,31,34,37,38,45,39,46,36,50,34,51,37,44,35,30,-20,32,43,46,32,51,42,42,44,42,46,60,31,18,0,384,396,384,384,437,381,703,677,677,370,5090,1804,12064,6487,29991,29992,29993,29994]} 1. e4 e5 2. Nf3 d6 3. d4 exd4 4. Nxd4 Nf6 5. Nc3 Be7 6. g3 a5 {C41: Philidor Defence} (6... O-O 7. Bg2 Re8 8. O-O Bf8 9. h3 Nc6 10. Re1 Bd7 11. Be3 Ne5 12. b3 h6 13. Qd2 c6 14. a4 Qc7 {0-1 (66) Amin,B (2710)-Kazhgaleyev,M (2587) St Petersburg 2018}) 7. Bg2 a4 8. O-O O-O {White is slightly better.} 9. Re1 Re8 10. h3 Bf8 11. Bf4 $146 ({Predecessor:} 11. Be3 c6 12. f4 Qa5 13. a3 Nbd7 14. Bf2 {1-0 (56) Potapov,P (2493)-Picard,R (2338) Tallinn 2016}) 11... Nbd7 12. Ndb5 Ne5 13. Qd4 c6 (13... Bd7 $11) 14. Rad1 $14 Qa5 (14... cxb5 $6 15. Bxe5 a3 16. b3 $16 (16. Nxb5 Qa5 $11)) 15. Nxd6 Bxd6 16. Qxd6 {Strongly threatening Bxe5.} Nc4 17. Qd4 $36 {[%mdl 2048] Black is under pressure.} Nxb2 18. Rb1 Rd8 19. Bd6 {Played: Nc3-d5} 1-0

[Event "EIRCC 2019"]
[Site "Tallinn"]
[Date "2019.12.05"]
[Round "3.6"]
[White "Blohberger, Felix"]
[Black "Demidov, Mikhail"]
[Result "0-1"]
[WhiteElo "2316"]
[BlackElo "2635"]
[Annotator "RC"]
[PlyCount "242"]
[EventDate "2019.12.05"]
[EventType "swiss"]
[EventCountry "EST"]
[SourceTitle "playchess.com"]
[Source "ChessBase"]
[SourceQuality "1"]
[TimeControl "900+10"]

1. Nf3 {[%emt 0:01:26]} g6 {[%emt 0:00:00]} 2. e4 {[%emt 0:00:04]} Bg7 {[%emt 0:00:39]} 3. d4 {[%emt 0:00:02]} a6 {[%emt 0:00:03]} 4. c4 {[%emt 0:00:03]} d6 {[%emt 0:00:07]} 5. Nc3 {[%emt 0:00:01]} Bg4 {[%emt 0:00:08]} 6. Be2 {[%emt 0:00:02]} c5 {[%emt 0:00:55]} 7. d5 {[%emt 0:00:20]} Bxf3 {[%emt 0:00:56]} 8. Bxf3 {[%emt 0:00:05]} b5 {[%emt 0:00:02]} 9. cxb5 {[%emt 0:00:28]} axb5 {[%emt 0:00:01]} 10. Nxb5 {[%emt 0:00:17]} Qa5+ {[%emt 0:00:02]} 11. Nc3 {[%emt 0:00:02]} Bxc3+ {[%emt 0:00:01]} 12. bxc3 {[%emt 0:00:01]} Qxc3+ {[%emt 0:00:02]} 13. Bd2 {[%emt 0:00:01]} Qd4 {[%emt 0:00:41]} 14. O-O {[%emt 0:00:14]} Nf6 {[%emt 0:00:02]} 15. Qc2 {[%emt 0:00:56]} Nbd7 {[%emt 0:00:26]} 16. Bc3 {[%emt 0:04:44]} Qa4 {[%emt 0:00:08]} 17. Qxa4 {[%emt 0:01:24]} Rxa4 {[%emt 0:00:01]} 18. Rfe1 {[%emt 0:00:02]} O-O {[%emt 0:00:38]} 19. e5 {[%emt 0:00:11]} Nxe5 {[%emt 0:00:48]} 20. Bxe5 {[%emt 0:00:03]} dxe5 {[%emt 0:00:01]} 21. Rxe5 {[%emt 0:00:02]} Ra7 {[%emt 0:00:19]} 22. Rae1 {[%emt 0:01:01]} Rb8 {[%emt 0:00:11]} 23. Rc1 {[%emt 0:02:28]} Kf8 {[%emt 0:00:29]} 24. Re2 {[%emt 0:00:10]} Ne8 {[%emt 0:00:22]} 25. Rec2 {[%emt 0:00:10]} Nd6 {[%emt 0:00:10]} 26. g3 {[%emt 0:00:35]} h5 {[%emt 0:00:23]} 27. h4 {[%emt 0:00:06]} Rba8 {[%emt 0:00:14]} 28. Rxc5 {[%emt 0:00:04]} Rxa2 {[%emt 0:00:02]} 29. Kg2 {[%emt 0:00:07]} Rd2 {[%emt 0:00:11]} 30. R5c2 {[%emt 0:00:05]} Rd4 {[%emt 0:00:03]} 31. Re1 {[%emt 0:00:07]} Ra7 {[%emt 0:00:05]} 32. Rb2 {[%emt 0:00:07]} Kg7 {[%emt 0:00:02]} 33. Rbe2 {[%emt 0:00:02]} Kf6 {[%emt 0:00:02]} 34. Rb2 {[%emt 0:00:14]} Rc7 {[%emt 0:00:11]} 35. Ra2 {[%emt 0:00:18]} Rd3 {[%emt 0:00:18]} 36. Be4 {[%emt 0:01:01]} Rb3 {[%emt 0:00:13]} 37. Bf3 {[%emt 0:00:16]} Rcc3 {[%emt 0:00:13]} 38. Be2 {[%emt 0:00:18]} Rb4 {[%emt 0:00:33]} 39. Bf3 {[%emt 0:00:18]} Rb7 {[%emt 0:00:05]} 40. Rd2 {[%emt 0:00:32]} Rbb3 41. Be2 {[%emt 0:00:22]} Ra3 {[%emt 0:00:19]} 42. Kg1 {[%emt 0:00:09]} Ra4 {[%emt 0:00:17]} 43. Bf1 {[%emt 0:00:09]} Nf5 {[%emt 0:00:17]} 44. Bg2 {[%emt 0:00:15]} Rd4 {[%emt 0:00:12]} 45. Rde2 {[%emt 0:00:23]} Rc7 {[%emt 0:00:05]} 46. Be4 {[%emt 0:00:10]} Nd6 {[%emt 0:00:05]} 47. Bg2 {[%emt 0:00:02]} Rdc4 {[%emt 0:00:03]} 48. Re3 {[%emt 0:00:08]} Nf5 {[%emt 0:00:15]} 49. R3e2 {[%emt 0:00:18]} Rc1 {[%emt 0:00:03]} 50. Kh2 {[%emt 0:00:03]} Rxe1 {[%emt 0:00:04]} 51. Rxe1 {[%emt 0:00:01]} Rc2 {[%emt 0:00:03]} 52. Kg1 {[%emt 0:00:01]} Rd2 {[%emt 0:00:03]} 53. Ra1 {[%emt 0:00:08]} Nd6 {[%emt 0:00:09]} 54. Re1 {[%emt 0:00:07]} Rd3 {[%emt 0:00:09]} 55. Ra1 {[%emt 0:00:03]} Rd4 {[%emt 0:00:09]} 56. Re1 {[%emt 0:00:02]} Rb4 {[%emt 0:00:04]} 57. Ra1 {[%emt 0:00:02]} g5 {[%emt 0:00:07]} 58. hxg5+ Kxg5 59. Re1 {[%emt 0:00:06]} Kf6 {[%emt 0:00:03]} 60. Re3 {[%emt 0:00:04]} h4 {[%emt 0:00:02]} 61. Rf3+ {[%emt 0:00:11]} Kg7 {[%emt 0:00:02]} 62. gxh4 {[%emt 0:00:03]} Rxh4 {[%emt 0:00:02]} 63. Rg3+ {[%emt 0:00:01]} Kf8 {[%emt 0:00:02]} 64. Re3 {[%emt 0:00:06]} Rb4 {[%emt 0:00:04]} 65. Re5 {[%emt 0:00:08]} Rb1+ {[%emt 0:00:05]} 66. Kh2 {[%emt 0:00:01]} Rd1 {[%emt 0:00:03]} 67. Bf3 {[%emt 0:00:07]} Rd4 {[%emt 0:00:05]} 68. Kg2 {[%emt 0:00:07]} Rb4 {[%emt 0:00:29]} 69. Kg3 {[%emt 0:00:05]} Rb3 {[%emt 0:00:07]} 70. Kg2 {[%emt 0:00:04]} Rb7 {[%emt 0:00:11]} 71. Bg4 {[%emt 0:00:11]} Kg7 {[%emt 0:00:03]} 72. Bf3 {[%emt 0:00:14]} Kf6 {[%emt 0:00:02]} 73. Rh5 {[%emt 0:00:13]} Rb3 {[%emt 0:00:10]} 74. Rh6+ {[%emt 0:00:05]} Kg5 {[%emt 0:00:09]} 75. Rh5+ {[%emt 0:00:02]} Kg6 {[%emt 0:00:02]} 76. Re5 {[%emt 0:00:24]} Kf6 {[%emt 0:00:12]} 77. Rh5 {[%emt 0:00:28]} Rb4 {[%emt 0:00:02]} 78. Rh6+ {[%emt 0:00:26]} Kg7 {[%emt 0:00:07]} 79. Rh5 {[%emt 0:00:04]} Kg6 {[%emt 0:00:01]} 80. Re5 {[%emt 0:00:01]} Kf6 {[%emt 0:00:01]} 81. Re1 {[%emt 0:00:06]} Rd4 {[%emt 0:00:09]} 82. Ra1 {[%emt 0:00:10]} Nf5 {[%emt 0:00:02]} 83. Rh1 {[%emt 0:00:19]} Nh4+ {[%emt 0:00:09]} 84. Kg3 {[%emt 0:00:02]} Kg5 {[%emt 0:00:07]} 85. Rh2 {[%emt 0:00:32]} Rb4 {[%emt 0:01:41]} 86. Rh1 {[%emt 0:00:35]} Ra4 {[%emt 0:00:31]} 87. Rh2 {[%emt 0:00:05]} f5 {[%emt 0:00:20]} 88. Rh3 {[%emt 0:01:22]} f4+ {[%emt 0:01:28]} 89. Kh2 Ra2 {[%emt 0:00:01]} 90. Kg1 {[%emt 0:01:31]} Ra1+ {[%emt 0:00:02]} 91. Kh2 {[%emt 0:00:01]} Rf1 {[%emt 0:00:07]} 92. Rxh4 {[%emt 0:00:23]} Kxh4 {[%emt 0:00:10]} 93. Kg2 {[%emt 0:00:00]} Ra1 {[%emt 0:00:09]} 94. Kh2 {[%emt 0:00:02]} Ra2 {[%emt 0:00:19]} 95. Kg2 {[%emt 0:00:02]} Rd2 {[%emt 0:00:02]} 96. Be4 {[%emt 0:00:05]} Kg4 {[%emt 0:00:05]} 97. Bf3+ {[%emt 0:00:09]} Kf5 {[%emt 0:00:01]} 98. Kf1 {[%emt 0:00:05]} Ke5 {[%emt 0:00:04]} 99. Ke1 {[%emt 0:00:04]} Ra2 {[%emt 0:01:21]} 100. Kf1 {[%emt 0:00:04]} Rb2 {[%emt 0:00:10]} 101. Ke1 {[%emt 0:00:01]} Kd4 {[%emt 0:00:05]} 102. Kf1 {[%emt 0:00:06]} Rb8 {[%emt 0:00:28]} 103. Ke2 {[%emt 0:00:12]} Rb1 {[%emt 0:00:11]} 104. Kd2 {[%emt 0:00:02]} Rb2+ {[%emt 0:00:23]} 105. Ke1 {[%emt 0:00:01]} Kd3 {[%emt 0:00:04]} 106. Kf1 {[%emt 0:00:05]} Kd2 {[%emt 0:00:03]} 107. Be4 {[%emt 0:01:00]} Rb4 {[%emt 0:00:13]} 108. Bf3 {[%emt 0:00:51]} Ra4 {[%emt 0:00:12]} 109. Bg4 {[%emt 0:00:27]} Ra2 {[%emt 0:00:19]} 110. Bf3 {[%emt 0:00:06]} Ra1+ {[%emt 0:00:42]} 111. Kg2 {[%emt 0:00:01]} Ke1 {[%emt 0:00:01]} 112. Bh5 {[%emt 0:00:48]} Ra5 {[%emt 0:00:32]} 113. Bf7 {[%emt 0:00:18]} Ra2 {[%emt 0:00:09]} 114. Kf3 {[%emt 0:00:03]} Rxf2+ {[%emt 0:00:02]} 115. Ke4 {[%emt 0:00:06]} Re2+ {[%emt 0:00:03]} 116. Kf3 {[%emt 0:00:06]} Rf2+ {[%emt 0:00:33]} 117. Ke4 {[%emt 0:00:01]} Kf1 {[%emt 0:00:11]} 118. Bh5 {[%emt 0:00:23]} Kg2 {[%emt 0:00:03]} 119. Ke5 {[%emt 0:00:07]} f3 {[%emt 0:00:07]} 120. Kf4 {[%emt 0:00:19]} Rf1 {[%emt 0:00:02]} 121. Bg4 {[%emt 0:00:13]} f2 {[%emt 0:00:02]} 0-1

[Event "EIRCC 2019"]
[Site "Tallinn"]
[Date "2019.12.05"]
[Round "3.7"]
[White "Andriasian, Zaven"]
[Black "Shubin, Kirill"]
[Result "1-0"]
[WhiteElo "2633"]
[BlackElo "2321"]
[Annotator "RC"]
[PlyCount "121"]
[EventDate "2019.12.05"]
[EventType "swiss"]
[EventCountry "EST"]
[SourceTitle "playchess.com"]
[Source "ChessBase"]
[SourceQuality "1"]
[TimeControl "900+10"]

1. Nf3 {[%emt 0:00:00]} Nf6 {[%emt 0:00:46]} 2. g3 {[%emt 0:00:00]} b5 {[%emt 0:00:07]} 3. Bg2 {[%emt 0:00:00]} Bb7 {[%emt 0:00:02]} 4. O-O {[%emt 0:00:08]} e6 {[%emt 0:00:14]} 5. d3 {[%emt 0:00:01]} c5 {[%emt 0:00:01]} 6. e4 {[%emt 0:00:03]} d6 {[%emt 0:00:02]} 7. Nbd2 {[%emt 0:00:13]} Nc6 {[%emt 0:00:06]} 8. a4 {[%emt 0:01:05]} b4 {[%emt 0:00:01]} 9. b3 {[%emt 0:01:15]} Be7 {[%emt 0:00:59]} 10. Bb2 {[%emt 0:00:02]} O-O {[%emt 0:00:29]} 11. Re1 {[%emt 0:00:09]} Nd7 {[%emt 0:00:59]} 12. Nc4 {[%emt 0:00:15]} Nb6 {[%emt 0:02:31]} 13. Ne3 {[%emt 0:00:01]} a5 {[%emt 0:00:24]} 14. Ng4 {[%emt 0:00:11]} e5 {[%emt 0:01:15]} 15. Ne3 {[%emt 0:00:06]} Nd4 {[%emt 0:00:08]} 16. Nd2 {[%emt 0:00:16]} Qd7 {[%emt 0:01:25]} 17. Rf1 {[%emt 0:00:15]} d5 {[%emt 0:01:21]} 18. exd5 {[%emt 0:00:46]} Nxd5 {[%emt 0:00:04]} 19. Ndc4 {[%emt 0:00:55]} Nxe3 {[%emt 0:02:35]} 20. fxe3 {[%emt 0:00:03]} Bxg2 {[%emt 0:01:01]} 21. Kxg2 {[%emt 0:00:01]} Qb7+ {[%emt 0:00:31]} 22. Kg1 {[%emt 0:00:10]} Nc6 {[%emt 0:00:01]} 23. Nxe5 {[%emt 0:00:17]} Nxe5 {[%emt 0:00:30]} 24. Bxe5 {[%emt 0:00:01]} Bg5 {[%emt 0:00:06]} 25. e4 {[%emt 0:01:37]} f5 {[%emt 0:00:35]} 26. Qe2 {[%emt 0:03:03]} Rae8 {[%emt 0:01:08]} 27. Bd6 {[%emt 0:00:29]} Rf6 {[%emt 0:00:14]} 28. Bf4 {[%emt 0:01:40]} Bxf4 {[%emt 0:00:37]} 29. Rxf4 {[%emt 0:00:02]} fxe4 {[%emt 0:01:02]} 30. Rxe4 {[%emt 0:00:21]} Ref8 {[%emt 0:00:01]} 31. Re1 {[%emt 0:00:20]} Qd7 {[%emt 0:00:20]} 32. Qg2 {[%emt 0:01:11]} h6 {[%emt 0:00:23]} 33. h4 {[%emt 0:00:44]} Qd6 {[%emt 0:00:11]} 34. Re8 {[%emt 0:01:12]} Qd4+ {[%emt 0:00:13]} 35. Kh1 {[%emt 0:00:01]} Qf2 {[%emt 0:00:14]} 36. R1e2 {[%emt 0:01:15]} Qd4 {[%emt 0:00:10]} 37. Rxf8+ {[%emt 0:00:35]} Rxf8 {[%emt 0:00:01]} 38. Kh2 {[%emt 0:00:06]} g5 {[%emt 0:00:20]} 39. Re4 {[%emt 0:00:52]} Qf6 {[%emt 0:00:03]} 40. Qe2 {[%emt 0:00:53]} gxh4 {[%emt 0:00:04]} 41. Rg4+ {[%emt 0:00:26]} Kh8 {[%emt 0:00:17]} 42. Rxh4 {[%emt 0:00:15]} Qf2+ {[%emt 0:00:04]} 43. Qxf2 Rxf2+ {[%emt 0:00:00]} 44. Kh3 {[%emt 0:00:02]} Rxc2 {[%emt 0:00:01]} 45. Rxh6+ {[%emt 0:00:00]} Kg7 {[%emt 0:00:01]} 46. Ra6 {[%emt 0:00:04]} Rc3 {[%emt 0:00:01]} 47. Rxa5 {[%emt 0:00:00]} Rxb3 {[%emt 0:00:06]} 48. Rxc5 {[%emt 0:00:03]} Rxd3 {[%emt 0:00:20]} 49. Rb5 {[%emt 0:00:53]} b3 {[%emt 0:00:13]} 50. a5 {[%emt 0:00:03]} Rc3 {[%emt 0:00:43]} 51. a6 {[%emt 0:00:22]} Rc6 {[%emt 0:00:05]} 52. Rb7+ {[%emt 0:00:22]} Kh6 {[%emt 0:00:13]} 53. a7 {[%emt 0:00:05]} Ra6 {[%emt 0:00:01]} 54. Rb6+ {[%emt 0:00:11]} Rxb6 {[%emt 0:00:02]} 55. a8=Q {[%emt 0:00:02]} b2 {[%emt 0:00:01]} 56. Qf8+ {[%emt 0:00:16]} Kg6 {[%emt 0:00:02]} 57. Qe8+ {[%emt 0:00:04]} Kf5 {[%emt 0:00:16]} 58. g4+ {[%emt 0:00:43]} Kf4 {[%emt 0:00:09]} 59. Qf8+ {[%emt 0:00:05]} Ke4 {[%emt 0:00:02]} 60. Qf5+ {[%emt 0:00:03]} Ke3 {[%emt 0:00:07]} 61. Qc5+ {[%emt 0:00:01]} 1-0

[Event "EIRCC 2019"]
[Site "Tallinn"]
[Date "2019.12.05"]
[Round "3.8"]
[White "Saveliev, Alexei"]
[Black "Lysyj, Igor"]
[Result "0-1"]
[WhiteElo "2312"]
[BlackElo "2599"]
[Annotator "ChessBase"]
[PlyCount "80"]
[EventDate "2019.12.05"]
[EventType "swiss"]
[EventCountry "EST"]
[SourceTitle "playchess.com"]
[Source "ChessBase"]
[SourceQuality "1"]
[TimeControl "900+10"]

1. e4 {[%emt 0:00:00]} e5 {[%emt 0:01:59]} 2. Nf3 {[%emt 0:00:00]} Nc6 {[%emt 0:00:03]} 3. Bb5 {[%emt 0:00:00]} Nf6 {[%emt 0:00:02]} 4. O-O {[%emt 0:01:15]} Nxe4 {[%emt 0:00:01]} 5. Re1 {[%emt 0:00:40]} Nd6 {[%emt 0:00:01]} 6. Nxe5 {[%emt 0:00:11]} Be7 {[%emt 0:00:02]} 7. Bf1 {[%emt 0:00:07]} Nxe5 {[%emt 0:00:02]} 8. Rxe5 {[%emt 0:00:02]} O-O {[%emt 0:00:02]} 9. Nc3 {[%emt 0:01:15]} Ne8 {[%emt 0:00:02]} 10. Nd5 {[%emt 0:00:13]} Bd6 {[%emt 0:00:03]} 11. Re1 {[%emt 0:00:01]} c6 {[%emt 0:00:24]} 12. Ne3 {[%emt 0:00:01]} Be7 {[%emt 0:00:35]} 13. Qe2 {[%emt 0:04:40]} Bf6 {[%emt 0:00:17]} 14. Ng4 {[%emt 0:01:08]} Bg5 {[%emt 0:02:02]} 15. d4 {[%emt 0:01:54]} d5 {[%emt 0:01:01]} 16. Bxg5 {[%emt 0:01:28]} Qxg5 {[%emt 0:00:02]} 17. Qxe8 {[%emt 0:00:33]} Be6 {[%emt 0:00:42]} 18. Re5 {[%emt 0:03:12]} Qxg4 {[%emt 0:00:22]} 19. Qe7 {[%emt 0:00:01]} Qxd4 {[%emt 0:00:14]} 20. Ree1 {[%emt 0:00:40]} Qxb2 {[%emt 0:04:50]} 21. Bd3 {[%emt 0:00:23]} b6 {[%emt 0:00:40]} 22. Rab1 {[%emt 0:00:31]} Qf6 {[%emt 0:00:12]} 23. Qb7 {[%emt 0:00:22]} c5 {[%emt 0:00:04]} 24. Bb5 {[%emt 0:00:01]} d4 {[%emt 0:00:52]} 25. Bc6 {[%emt 0:00:10]} Rac8 {[%emt 0:00:03]} 26. Bf3 {[%emt 0:00:05]} Bxa2 {[%emt 0:01:05]} 27. Rb2 {[%emt 0:00:01]} Bc4 {[%emt 0:00:15]} 28. Qxa7 {[%emt 0:00:03]} b5 {[%emt 0:00:07]} 29. Rbb1 {[%emt 0:00:02]} g6 {[%emt 0:00:12]} 30. Bg4 {[%emt 0:00:29]} Rc6 {[%emt 0:01:10]} 31. Bd7 {[%emt 0:00:03]} Rb6 {[%emt 0:00:02]} 32. Qc7 {[%emt 0:00:27]} Qd6 {[%emt 0:00:44]} 33. Qxd6 {[%emt 0:00:03]} Rxd6 {[%emt 0:00:01]} 34. Bxb5 {[%emt 0:00:01]} Be6 {[%emt 0:00:02]} 35. Red1 {[%emt 0:00:29]} c4 {[%emt 0:00:42]} 36. Ba4 {[%emt 0:00:12]} Ra8 {[%emt 0:00:11]} 37. Rb4 {[%emt 0:00:03]} Rda6 {[%emt 0:00:12]} 38. Bb5 {[%emt 0:00:06]} Ra1 {[%emt 0:00:11]} 39. Rf1 {[%emt 0:00:24]} Rxf1+ {[%emt 0:00:13]} 40. Kxf1 {[%emt 0:00:01]} Rb8 {[%emt 0:00:13]} 0-1